[Event "Dortmund Sparkassen GM"]
[Site "Dortmund"]
[Date "1998.??.??"]
[Round "?"]
[White "Straeter, Timo"]
[Black "Petrosian, Arshak B"]
[Result "1/2-1/2"]
[WhiteElo "2300"]
[BlackElo "2500"]
[PlyCount "109"]
[EventDate "1998.06.??"]
[EventType "tourn"]
[EventRounds "9"]
[EventCountry "GER"]
[EventCategory "6"]
[SourceTitle "EXT 1999"]
[Source "ChessBase"]
[SourceDate "1998.11.16"]
[SourceVersion "1"]
[SourceVersionDate "1998.11.16"]
[SourceQuality "1"]

1. d4 Nf6 2. Nf3 d6 3. c4 Nbd7 4. Nc3 c6 5. Bg5 h6 6. Bf4 Nh5 7. Bc1 e5 8. e4 Nhf6 9. Be2 Be7 10. 0-0 0-0 11. Re1 a6 12. a3 Re8 13. Bf1 Qc7 14. h3 Bf8 15. d5 cxd5 16. cxd5 b5 17. Be3 Nb6 18. Nd2 Bd7 19. Rc1 Qb8 20. Nb3 Na4 21. Nxa4 bxa4 22. Na5 Nxe4 23. Nc4 Bb5 24. Nb6 Ra7 25. Nxa4 Rb7 26. Bxb5 axb5 27. Nc3 Nxc3 28. Rxc3 b4 29. Rc6 bxa3 30. bxa3 Qa8 31. Qd3 Qa5 32. Bd2 Qb5 33. Qe4 f5 34. Qf3 e4 35. Qxf5 Rf7 36. Qh5 Re5 37. Qe2 Qxd5 38. Rc8 Qe6 39. Rec1 Qa2 40. Qe3 Ref5 41. R8c2 Qe6 42. a4 d5 43. Be1 Bd6 44. Rd1 Qe5 45. g3 Kh7 46. a5 Bb8 47. Bb4 Ba7 48. Bc5 Rc7 49. Qa3 Bxc5 50. Rxc5 e3 51. Rxc7 exf2+ 52. Kf1 Qxc7 53. a6 Qa7 54. Rb1 Rf7 55. Qd3+ 1/2-1/2

[Event "EU-Cup 13th final"]
[Site "Kazan"]
[Date "1997.12.30"]
[Round "3"]
[White "Svetushkin, Dmitry"]
[Black "Petrosian, Arshak B"]
[Result "0-1"]
[WhiteElo "2400"]
[BlackElo "2485"]
[PlyCount "128"]
[EventDate "1997.12.28"]
[EventType "team-k.o."]
[EventRounds "4"]
[EventCountry "RUS"]
[SourceTitle "EXT 2020"]
[Source "ChessBase"]
[SourceDate "2019.10.17"]
[SourceVersion "1"]
[SourceVersionDate "2019.10.17"]
[SourceQuality "1"]
[WhiteTeam "Chisinau Rezina-Gaz"]
[BlackTeam "Yerevan"]
[WhiteTeamCountry "MDA"]
[BlackTeamCountry "ARM"]

1. e4 c5 2. Nf3 d6 3. Bb5+ Nd7 4. d4 Ngf6 5. Nc3 a6 6. Bxd7+ Nxd7 7. a4 e6 8. a5 Be7 9. d5 0-0 10. 0-0 b5 11. axb6 Nxb6 12. Nd2 a5 13. Na4 Nxa4 14. Rxa4 Rb8 15. Re1 Qc7 16. Nc4 Rb4 17. c3 Rxa4 18. Qxa4 Bd8 19. Bf4 e5 20. Be3 Bd7 21. Qa3 Re8 22. b3 f5 23. f3 fxe4 24. fxe4 Bb5 25. Nb2 Rf8 26. c4 Be8 27. Na4 Bg6 28. Nc3 Bh4 29. g3 Bd8 30. Qc1 Qd7 31. Qd1 h6 32. Kg2 Qe8 33. Rf1 Rxf1 34. Qxf1 Qd7 35. Qf3 h5 36. h3 Qb7 37. Nb5 Qd7 38. Bd2 Kh7 39. Qd3 Kg8 40. Nc3 Qb7 41. Nd1 Qd7 42. Qc2 Kh7 43. Nf2 Be8 44. Kf3 Qa7 45. Qa2 Qa6 46. Nd3 a4 47. bxa4 Qxa4 48. Qxa4 Bxa4 49. Nc1 Bc2 50. h4 Kg8 51. Ke3 g5 52. Be1 Be7 53. Ne2 Bf8 54. Nc3 Bh6 55. hxg5 Bxg5+ 56. Ke2 Kf7 57. Nb5 Ke7 58. Ba5 Kd7 59. Bc7 Be7 60. Ke3 Bg5+ 61. Ke2 Ba4 62. Bb8 Be7 63. Kd3 Bxb5 64. cxb5 Kc8 0-1

[Event "EU-Cup 13th Group1"]
[Site "Yerevan"]
[Date "1997.09.28"]
[Round "3"]
[White "Tseitlin, Mark D"]
[Black "Petrosian, Arshak B"]
[Result "0-1"]
[WhiteElo "2530"]
[BlackElo "2485"]
[PlyCount "164"]
[EventDate "1997.09.26"]
[EventType "team-k.o."]
[EventRounds "3"]
[EventCountry "ARM"]
[SourceTitle "EXT 2020"]
[Source "ChessBase"]
[SourceDate "2019.10.17"]
[SourceVersion "1"]
[SourceVersionDate "2019.10.17"]
[SourceQuality "1"]
[WhiteTeam "Beer Sheva"]
[BlackTeam "Yerevan"]
[WhiteTeamCountry "ISR"]
[BlackTeamCountry "ARM"]

1. e4 c5 2. Nf3 d6 3. d4 cxd4 4. Nxd4 Nf6 5. Nc3 a6 6. Be2 e5 7. Nb3 Be7 8. Be3 Be6 9. Nd5 Nbd7 10. Qd3 Bxd5 11. exd5 0-0 12. 0-0 Ne8 13. Qd2 h6 14. Na5 Qc8 15. c4 Bd8 16. b4 Bxa5 17. bxa5 Nef6 18. Rab1 Nc5 19. f3 Qc7 20. Kh1 Nfd7 21. f4 exf4 22. Rxf4 Rae8 23. Bd4 Ne5 24. Rbf1 Re7 25. Bc3 Rfe8 26. Qd4 f6 27. Bh5 Ncd3 28. Re4 Nc5 29. Re3 Rf8 30. Bd1 Nf7 31. Bc2 Rfe8 32. Rg3 Ng5 33. Bg6 Nce4 34. Rg4 Nxc3 35. Qxc3 Re3 36. Qd2 R8e7 37. h4 Nf7 38. Bb1 h5 39. Rgf4 Nh6 40. Bg6 R7e5 41. Bxh5 R3e4 42. Bg6 f5 43. Rxe4 fxe4 44. Qf4 Qe7 45. c5 dxc5 46. d6 Qxd6 47. Bxe4 Qe7 48. Bg6 Qf6 49. Qc4+ Qe6 50. Qd3 Qe7 51. g3 Kh8 52. Qf3 Ng8 53. Bd3 Nf6 54. Kg2 Re3 55. Qf5 Qd6 56. Rf3 Rxf3 57. Qxf3 Qd4 58. Bg6 Qd2+ 59. Kh3 Qd7+ 60. g4 c4 61. Bf5 Qd5 62. Kg3 Qxa5 63. g5 Qe5+ 64. Kh3 Nd5 65. Be4 Qe6+ 66. Kg2 Nc3 67. Bxb7 Qe2+ 68. Qxe2 Nxe2 69. Kf2 Nc1 70. Bd5 c3 71. Be4 Nxa2 72. Ke1 Nb4 73. h5 a5 74. Kd1 a4 75. Bf5 a3 76. Be6 a2 77. Bxa2 Nxa2 78. Kc2 Kh7 79. Kb3 Nc1+ 80. Kxc3 Ne2+ 81. Kd2 Nf4 82. h6 g6 0-1

[Event "EU-Cup 13th Group1"]
[Site "Yerevan"]
[Date "1997.09.26"]
[Round "1"]
[White "Kodua, Dato"]
[Black "Petrosian, Arshak B"]
[Result "0-1"]
[WhiteElo "2260"]
[BlackElo "2485"]
[PlyCount "64"]
[EventDate "1997.09.26"]
[EventType "team-k.o."]
[EventRounds "3"]
[EventCountry "ARM"]
[SourceTitle "EXT 2020"]
[Source "ChessBase"]
[SourceDate "2019.10.17"]
[SourceVersion "1"]
[SourceVersionDate "2019.10.17"]
[SourceQuality "1"]
[WhiteTeam "Zugdidi Nona"]
[BlackTeam "Yerevan"]
[WhiteTeamCountry "GEO"]
[BlackTeamCountry "ARM"]

1. d4 Nf6 2. Nf3 d6 3. Bf4 Nbd7 4. e3 Nh5 5. Bg5 h6 6. Bh4 g5 7. Bg3 Bg7 8. Bd3 e6 9. c4 Nxg3 10. hxg3 c5 11. 0-0 g4 12. Nfd2 cxd4 13. Qxg4 Qg5 14. Qe2 dxe3 15. Ne4 Qe5 16. fxe3 0-0 17. g4 d5 18. Nec3 d4 19. Ne4 dxe3 20. g5 hxg5 21. Nbc3 f5 22. Nxg5 Nf6 23. Rf3 Bh6 24. Nh3 Ng4 25. g3 Bd7 26. Nf4 Rf6 27. Re1 Bc6 28. Rff1 Rd8 29. Nh5 Rg6 30. Nf4 Bxf4 31. Rxf4 Qh8 32. Be4 Rd2 0-1

[Event "Olympiad-32"]
[Site "Yerevan"]
[Date "1996.09.17"]
[Round "2.4"]
[White "Gostisa, Leon F"]
[Black "Petrosian, Arshak B"]
[Result "1/2-1/2"]
[WhiteElo "2405"]
[BlackElo "2480"]
[PlyCount "24"]
[EventDate "1996.09.15"]
[EventType "team-swiss"]
[EventRounds "14"]
[EventCountry "ARM"]
[SourceTitle "CBM 055"]
[Source "ChessBase"]
[SourceDate "1996.12.01"]
[SourceVersion "1"]
[SourceVersionDate "1996.12.01"]
[SourceQuality "1"]
[WhiteTeam "Slovenia"]
[BlackTeam "Armenia"]
[WhiteTeamCountry "SLO"]
[BlackTeamCountry "ARM"]

1. d4 Nf6 2. Nf3 e6 3. g3 d5 4. Bg2 Nbd7 5. 0-0 b5 6. b3 Bb7 7. c4 bxc4 8. bxc4 dxc4 9. Qa4 c5 10. Ba3 Qc7 11. Qxc4 Rc8 12. Rc1 Qb8 1/2-1/2

[Event "ARM-ch"]
[Site "Yerevan"]
[Date "1996.??.??"]
[Round "2"]
[White "Asrian, Karen"]
[Black "Petrosian, Arshak B"]
[Result "1/2-1/2"]
[WhiteElo "2310"]
[BlackElo "2465"]
[PlyCount "110"]
[EventDate "1996.??.??"]
[EventType "tourn"]
[EventRounds "13"]
[EventCountry "ARM"]
[EventCategory "9"]
[SourceTitle "EXT 1998"]
[Source "ChessBase"]
[SourceDate "1997.11.17"]
[SourceVersion "1"]
[SourceVersionDate "1997.11.17"]
[SourceQuality "1"]

1. e4 c5 2. Nf3 d6 3. d4 cxd4 4. Nxd4 Nf6 5. Nc3 a6 6. Be2 e5 7. Nb3 Be7 8. 0-0 0-0 9. Be3 Be6 10. Qd2 Nbd7 11. a4 Rc8 12. a5 Qc7 13. Rfd1 Rfd8 14. Qe1 Qc6 15. Bf3 h6 16. Nc1 Ra8 17. Nd3 b5 18. Nb4 Qb7 19. Ncd5 Nxd5 20. exd5 Bf5 21. Nc6 Re8 22. Qb4 Bxc2 23. Rd2 e4 24. Be2 Bd3 25. Bxd3 exd3 26. Rxd3 Bf8 27. Bxh6 Nc5 28. Rg3 Ne4 29. Re3 Nf6 30. Qd4 Qd7 31. Bg5 Rxe3 32. fxe3 Nh7 33. Bf4 Nf6 34. Bg5 Nh7 35. Bh4 g6 36. Rf1 Re8 37. Qf4 f5 38. Qg3 Kf7 39. Nd4 Re4 40. Ne6 Bh6 41. Bg5 Nxg5 42. Nxg5+ Bxg5 43. Qxg5 Qe7 44. Qxe7+ Kxe7 45. Rc1 Rxe3 46. Rc7+ Kf6 47. Rd7 Ke5 48. Re7+ Kf4 49. Re6 g5 50. Rxd6 Re1+ 51. Kf2 Rb1 52. Rxa6 Rxb2+ 53. Kf1 Rb1+ 54. Ke2 Rb2+ 55. Kf1 Rb1+ 1/2-1/2

[Event "Berliner Sommer 14th"]
[Site "Berlin"]
[Date "1996.??.??"]
[Round "8"]
[White "Cech, Pavel"]
[Black "Petrosian, Arshak B"]
[Result "0-1"]
[WhiteElo "2325"]
[BlackElo "2480"]
[PlyCount "76"]
[EventDate "1996.08.??"]
[EventType "swiss"]
[EventRounds "9"]
[EventCountry "GER"]
[SourceTitle "CBM 054 Extra"]
[Source "ChessBase"]
[SourceDate "1996.11.01"]
[SourceVersion "1"]
[SourceVersionDate "1996.11.01"]
[SourceQuality "1"]

1. d4 Nf6 2. Bg5 d5 3. Bxf6 gxf6 4. e3 c5 5. c3 Qb6 6. Qb3 Nc6 7. Qxb6 axb6 8. Na3 Bf5 9. Nb5 Kd7 10. dxc5 bxc5 11. Rd1 e6 12. a3 Bc2 13. Rd2 Ba4 14. Nf3 f5 15. c4 Bxb5 16. cxb5 Na5 17. Be2 Bg7 18. 0-0 Ke7 19. Rc2 c4 20. Nd2 Rhc8 21. Rfc1 b6 22. Bd1 Ra7 23. g4 fxg4 24. e4 h5 25. exd5 exd5 26. b3 c3 27. Nb1 d4 28. Re2+ Kf8 29. Bc2 Rd8 30. Rd1 Rad7 31. Rd3 Nb7 32. b4 Re7 33. Rxe7 Kxe7 34. a4 Kf6 35. Na3 Bf8 36. Nc4 Bxb4 37. Nxb6 Nc5 38. Rd1 d3 0-1